Wszyscy zdobywcy Złotej Piłki z Europy. - Statystyki

Ogólne statystyki
  • Ten quiz został rozwiązany 459 razy
  • Średni wynik to 18 z 50
Statystyki odpowiedzi
Rok Piłkarz % Poprawnych
2008 Ronaldo
96%
2013 Ronaldo
96%
2014 Ronaldo
96%
2016 Ronaldo
96%
2017 Ronaldo
96%
2018 Modric
86%
1998 Zidane
63%
2006 Cannavaro
55%
1963 Yashin/Jaszyn
48%
1988 van Basten
46%
1989 van Basten
46%
1992 van Basten
46%
2000 Figo
45%
2001 Owen
43%
2004 Szewczenko/Shevchenko
41%
1972 Beckenbauer
40%
1976 Beckenbauer
40%
1971 Cruyff
40%
1973 Cruyff
40%
1974 Cruyff
40%
1983 Platini
40%
1984 Platini
40%
1985 Platini
40%
2003 Nedved
39%
1987 Gullit
38%
1970 Muller
35%
1965 Eusebio
33%
1993 Baggio
26%
1994 Stoiczkow/Stoichkov
26%
1968 Best
24%
1990 Matthaus
23%
1966 Charlton
20%
1960 Suarez
20%
1991 Papin
19%
1982 Rossi
18%
1996 Sammer
17%
1958 Kopa
16%
1956 Matthews
15%
1980 Rummenigge
15%
1981 Rummenigge
15%
1978 Keegan
13%
1979 Keegan
13%
1975 Blokhin/Błochin
11%
1964 Law
11%
1986 Belanov/Biełanow
9%
1969 Rivera
9%
1977 Simonsen
8%
1961 Sivori
8%
1967 Albert
7%
1962 Masopust
7%
Nie znaleziono quizów pasujących do podanych kryteriów
Rozkład punktacji
Procent ludzi z każdym wynikiem
Percentyl według liczby udzielonych odpowiedzi
Twoja historia wyników
Nie rozwiązałeś tego quizu